| 000 | 00499nam a2200181 i 4500 | ||
|---|---|---|---|
| 001 | 75828 | ||
| 003 | ES-MaACL | ||
| 005 | 20230906172620.0 | ||
| 007 | t| | ||
| 008 | 040928s1973 sp ||||1| cat d | ||
| 100 | 1 |
_aGrauges, Felipe. _959763 |
|
| 245 | 1 | 0 |
_aMusa rústica / _cFelipe Grauges ; proleg de María Manent. |
| 250 | _a[1ª ed.]. | ||
| 260 |
_aBarcelona : _bJoventut, _c1973. |
||
| 300 |
_a126 p. ; _c19 cm. |
||
| 700 | 1 |
_aManent, María. _975976 |
|
| 852 |
_aES-MaACL _jC-54123 _bR.87020 |
||
| 999 |
_c75828 _d75828 |
||